Comprehensive dictionary of information technology / (Record no. 100714)

MARC details
000 -LEADER
fixed length control field 00842nam a2200253 a 4500
008 - FIXED-LENGTH DATA ELEMENTS--GENERAL INFORMATION
fixed length control field
020 ## - INTERNATIONAL STANDARD BOOK NUMBER
International Standard Book Number 0237510812 (pbk.)
049 ## - LOCAL HOLDINGS (OCLC)
Holding library MAIN
090 ## - LOCALLY ASSIGNED LC-TYPE CALL NUMBER (OCLC); LOCAL CALL NUMBER (RLIN)
Classification number (OCLC) (R) ; Classification number, CALL (RLIN) (NR) REF HC79.I55
Local cutter number (OCLC) ; Book number/undivided call number, CALL (RLIN) COM
003 - CONTROL NUMBER IDENTIFIER
control field
005 - DATE AND TIME OF LATEST TRANSACTION
control field 20230120191419.0
040 ## - CATALOGING SOURCE
Transcribing agency NUST
100 1# - MAIN ENTRY--PERSONAL NAME
Personal name Collin, S.M.H.
240 10 - UNIFORM TITLE
Uniform title Dictionary of information technology.
245 10 - TITLE STATEMENT
Title Comprehensive dictionary of information technology /
Statement of responsibility, etc. S. M. H. Collin ; edited by P. H. Collin.
260 ## - PUBLICATION, DISTRIBUTION, ETC.
Place of publication, distribution, etc. London :
Name of publisher, distributor, etc. Evans,
Date of publication, distribution, etc. 1988.
300 ## - PHYSICAL DESCRIPTION
Extent 232, [10] p. :
Other physical details ill. ;
Dimensions 20 cm.
500 ## - GENERAL NOTE
General note Originally published: Teddington: Collin,1987.
650 #0 - SUBJECT ADDED ENTRY--TOPICAL TERM
Topical term or geographic name entry element Information storage and retrieval systems.
653 ## - INDEX TERM--UNCONTROLLED
Uncontrolled term Information systems
700 1# - ADDED ENTRY--PERSONAL NAME
Personal name Collin, P. H.
Fuller form of name (Peter Hodgson)
907 ## - LOCAL DATA ELEMENT G, LDG (RLIN)
a .b1007546x
b 09-05-12
c 17-04-03
942 ## - ADDED ENTRY ELEMENTS (KOHA)
Koha item type Ordinary Loan Books
Call number prefix REF HC79.I55
Call number suffix COM
Holdings
Date last seen Total Checkouts Full call number Barcode Accession number Cost, replacement price Price effective from Koha item type Public note Lost status Source of classification or shelving scheme Damaged status Not for loan Collection Withdrawn status Home library Current library Shelving location Date acquired Source of acquisition Cost, normal purchase price
01/20/2023 1 REF HC79.I55 COL 92003021111 16170 30.00 05/16/2023 REF Donation   LCC     NFIC   MAIN MAIN GEN 05/16/2023 Book Aid International 80.00